[Event "PRO League Group Stage"]
[Site "chess.com INT"]
[Date "2018.02.07"]
[Round "5"]
[White "Smirnov, Anton"]
[Black "Wang, Yue"]
[Result "1/2-1/2"]
[WhiteTitle "GM"]
[BlackTitle "GM"]
[WhiteElo "2527"]
[BlackElo "2690"]
[WhiteTeam "Australia Kangaroos"]
[BlackTeam "Chengdu Pandas"]
[WhiteFideId "3208923"]
[BlackFideId "8601429"]
[EventDate "2018.01.18"]

1. e4 c5 2. Nf3 e6 3. d4 cxd4 4. Nxd4 Nc6 5. Nc3 Qc7 6. Qd3 a6 7. Nxc6 Qxc6 8.
Be2 b5 9. a3 Bb7 10. Bf4 Rc8 11. O-O Nf6 12. Rfd1 Be7 13. f3 Nh5 14. Bd6 g5 15.
Bxe7 Kxe7 16. Qe3 Qc5 17. Kf2 Nf4 18. Bf1 Rhd8 19. Rd2 e5 20. Qxc5+ Rxc5 21.
Rad1 d6 22. Ne2 Nxe2 23. Bxe2 Bc8 24. c3 Be6 25. h4 gxh4 26. Rh1 h3 27. gxh3 d5
28. h4 dxe4 29. Rxd8 Kxd8 30. fxe4 Ke7 31. Ke3 Rc8 32. Rg1 h6 33. Rg7 Kf6 34.
Rg1 Rd8 35. Ra1 Rb8 36. Rd1 Ke7 37. Kf2 Bc4 38. Bg4 Be6 39. Be2 Rg8 40. Rg1 Rg6
41. Rg3 Bc4 42. Bh5 Rd6 43. Ke1 Rf6 44. Rf3 Rf4 45. Rxf4 exf4 46. Bd1 Kd6 47. a4
Ke5 48. Kf2 Kxe4 49. Bc2+ Ke5 50. axb5 axb5 51. Bd1 Bd3 52. Bf3 f5 53. Bc6 Kd6
54. Bf3 Kc5 55. Bh5 Be4 56. Bf7 Bc6 57. Be6 Be4 58. Bf7 b4 59. Be6 bxc3 60. bxc3
Kd6 61. Bb3 Ke5 62. Bd1 Bd5 63. Be2 Be4 64. Bd1 Kd5 65. Bb3+ Kc5 66. Be6 Kb5 67.
Bb3 Kc5 68. Be6 1/2-1/2

[Event "PRO League Group Stage"]
[Site "chess.com INT"]
[Date "2018.02.07"]
[Round "5"]
[White "Smirnov, Anton"]
[Black "Zhai, Mo"]
[Result "1-0"]
[WhiteTitle "GM"]
[BlackTitle "WGM"]
[WhiteElo "2527"]
[BlackElo "2310"]
[WhiteTeam "Australia Kangaroos"]
[BlackTeam "Cheng Du Pandas"]
[WhiteFideId "3208923"]
[BlackFideId "8600201"]
[EventDate "2018.01.18"]

1. e4 e5 2. Nf3 Nf6 3. Nxe5 d6 4. Nf3 Nxe4 5. Qe2 Qe7 6. d3 Nf6 7. Bg5 Nbd7 8.
Nc3 Qxe2+ 9. Bxe2 Be7 10. O-O-O O-O 11. Rhe1 Bd8 12. Nd4 Ne5 13. h3 a6 14. f4
Ng6 15. f5 Ne5 16. g4 Bd7 17. Nf3 Bc6 18. Nd4 Bd7 19. Nb3 Re8 20. Bf4 Bc6 21. d4
Nf3 22. Rf1 Nh4 23. Rf2 Ng2 24. Bd2 Ne3 25. Re1 Ned5 26. Bd3 Nxc3 27. bxc3 a5
28. Rxe8+ Nxe8 29. c4 b6 30. d5 Bb7 31. g5 c6 32. Re2 Kf8 33. dxc6 Bxc6 34. Nd4
Bb7 35. h4 Rc8 36. Bf4 Be7 37. h5 d5 38. cxd5 Bxd5 39. Kb2 a4 40. a3 Bc5 41. Nb5
Bf3 42. Rh2 Rd8 43. h6 Rxd3 44. cxd3 Bc6 45. hxg7+ Kxg7 46. Be5+ Kg8 47. d4 Be7
48. f6 Bf8 49. Nc7 Nxc7 50. Bxc7 b5 51. Re2 b4 52. axb4 Bxb4 53. d5 Bxd5 54.
Re8+ Bf8 55. Bd6 h6 56. gxh6 Kh7 57. Bxf8 1-0

[Event "PRO League Group Stage"]
[Site "chess.com INT"]
[Date "2018.02.07"]
[Round "5"]
[White "Neiksans, Arturs"]
[Black "Hansen, Torbjorn Ringdal"]
[Result "1-0"]
[WhiteTitle "GM"]
[BlackTitle "GM"]
[WhiteElo "2582"]
[BlackElo "2410"]
[WhiteTeam "Riga Magicians"]
[BlackTeam "Norway Gnomes"]
[WhiteFideId "11601388"]
[BlackFideId "1501720"]
[EventDate "2018.01.18"]

1. e4 c6 2. d4 d5 3. e5 c5 4. dxc5 e6 5. a3 Bxc5 6. Qg4 Bf8 7. Bd3 Nc6 8. Nf3
Qc7 9. O-O Nge7 10. Nc3 a6 11. Bf4 Ng6 12. Bg3 Be7 13. Rfe1 h5 14. Qh3 h4 15.
Bxg6 fxg6 16. Bf4 Qb6 17. Qg4 O-O 18. Ne2 g5 19. Be3 Qxb2 20. Bxg5 Rxf3 21. Bxe7
Rf5 22. Bf6 Rxf6 23. exf6 Qxf6 24. Qf4 e5 25. Qxf6 gxf6 26. Rad1 Be6 27. Nf4 Kf7
28. Nxd5 Rg8 29. Ne3 Nd4 30. Kh1 h3 31. c3 hxg2+ 32. Nxg2 Nc2 33. Rg1 Nxa3 34.
Ne3 Rc8 35. Rd3 Nb5 36. Rc1 Rc7 37. Kg1 Rc8 38. f3 Rg8+ 39. Kf2 Rh8 40. Rh1 Rc8
41. Nd1 Rc7 42. h4 Bf5 43. Rd2 Nxc3 44. Nxc3 Rxc3 45. h5 e4 46. fxe4 Bxe4 47.
Rh4 Bf5 48. h6 Bh7 49. Rd7+ Kg6 50. Rg7+ 1-0

[Event "PRO League Group Stage"]
[Site "chess.com INT"]
[Date "2018.02.07"]
[Round "5"]
[White "Neiksans, Arturs"]
[Black "Fressinet, Laurent"]
[Result "0-1"]
[WhiteTitle "GM"]
[BlackTitle "GM"]
[WhiteElo "2582"]
[BlackElo "2662"]
[WhiteTeam "Riga Magicians"]
[BlackTeam "Norway Gnomes"]
[WhiteFideId "11601388"]
[BlackFideId "608742"]
[EventDate "2018.01.18"]

1. e4 e5 2. Nf3 Nc6 3. Bb5 a6 4. Ba4 d6 5. c3 f5 6. exf5 Bxf5 7. O-O Bd3 8. Re1
Be7 9. Bc2 Bxc2 10. Qxc2 Nf6 11. Ng5 Qd7 12. d4 exd4 13. Ne6 Ne5 14. Nxg7+ Kf7
15. Nf5 Rag8 16. Qb3+ Ke8 17. cxd4 Qxf5 18. dxe5 Ng4 19. Re2 Nxe5 20. Qxb7 Nf3+
21. Kf1 Rxg2 22. Rxe7+ Kxe7 23. Qxc7+ Qd7 24. Qxd7+ Kxd7 25. Kxg2 Ne1+ 26. Kf1
Nc2 27. Ke2 Nxa1 28. Na3 Re8+ 29. Kd1 Rg8 30. Bf4 Rg1+ 31. Kd2 d5 32. Be5 Ke6
33. Bd4 Kf5 34. b4 h5 35. h4 Rh1 36. b5 axb5 37. Nxb5 Rxh4 38. Bxa1 Ra4 39. Nc3
Ra5 40. Ke3 h4 41. a4 h3 42. Kf3 d4 43. Ne2 d3 44. Ng3+ Kg6 45. Kg4 Rxa4+ 46.
Kxh3 Rxa1 47. Ne4 Re1 48. Nd2 Re2 0-1

[Event "PRO League Group Stage"]
[Site "chess.com INT"]
[Date "2018.02.07"]
[Round "5"]
[White "Shetty, Atulya"]
[Black "Fedoseev, Vladimir3"]
[Result "0-1"]
[WhiteTitle "IM"]
[BlackTitle "GM"]
[WhiteElo "2389"]
[BlackElo "2724"]
[WhiteTeam "Pittsburgh Pawngrabbers"]
[BlackTeam "Saint Louis Arch Bishops"]
[WhiteFideId "2031213"]
[BlackFideId "24130737"]
[EventDate "2018.01.18"]

1. c4 Nf6 2. g3 e6 3. Bg2 d5 4. Nf3 Be7 5. b3 O-O 6. O-O c5 7. e3 Nc6 8. Bb2 b6
9. Nc3 Ba6 10. Qe2 Qd7 11. d3 Rad8 12. Rfd1 Rfe8 13. Rac1 Bf8 14. Nb5 e5 15. Nc3
d4 16. Nd5 Nxd5 17. cxd5 Nb4 18. e4 Nxa2 19. Ra1 Nb4 20. Ba3 Bb5 21. Bxb4 cxb4
22. Nd2 a5 23. Nc4 Bc5 24. Qh5 Bxc4 25. dxc4 Ra8 26. Bf1 a4 27. Bh3 Qc7 28. Rxa4
Rxa4 29. bxa4 Ra8 30. Ra1 d3 31. Qd1 Bd4 32. Rc1 Qc5 33. Qxd3 Rxa4 34. Qc2 Ra3
35. Rb1 g6 36. Bg4 b5 37. Be2 Rc3 38. Qb2 Rxg3+ 39. hxg3 Bxb2 40. Rxb2 bxc4 41.
d6 Kf8 42. d7 Ke7 43. Rd2 Kd8 44. Rd5 Qc7 45. Bd1 b3 46. Kg2 Qb7 47. Bg4 Qxd5 0-1

[Event "PRO League Group Stage"]
[Site "chess.com INT"]
[Date "2018.02.07"]
[Round "5"]
[White "Shetty, Atulya"]
[Black "Ramirez, Alejandro"]
[Result "1-0"]
[WhiteTitle "IM"]
[BlackTitle "GM"]
[WhiteElo "2389"]
[BlackElo "2568"]
[WhiteTeam "Pittsburgh Pawngrabbers"]
[BlackTeam "Saint Louis Arch Bishops"]
[WhiteFideId "2031213"]
[BlackFideId "6500617"]
[EventDate "2018.01.18"]

1. c4 c5 2. g3 Nc6 3. Bg2 d6 4. Nc3 g6 5. Nf3 Bg7 6. O-O e5 7. a3 Nge7 8. b4 O-O
9. Rb1 Rb8 10. d3 h6 11. Ne1 Be6 12. Nc2 cxb4 13. Nxb4 Nxb4 14. axb4 d5 15. cxd5
Nxd5 16. Nxd5 Bxd5 17. Bxd5 Qxd5 18. Be3 a6 19. b5 Rfc8 20. Qa4 Ra8 21. bxa6
bxa6 22. Rb6 a5 23. Rfb1 Kh7 24. R1b5 Qd7 25. Rb7 Qe8 26. Qa2 a4 27. R5b6 Qg8
28. Qxf7 Qxf7 29. Rxf7 a3 30. Rbb7 Rg8 31. Ra7 Rxa7 32. Rxa7 Rc8 33. Rxa3 Rc2
34. Kf1 g5 35. Ra6 g4 36. Ra4 h5 37. h3 gxh3 38. Rh4 Kg6 39. Rxh3 Bf6 40. f3 Ra2
41. Kf2 Rc2 42. Rh1 Ra2 43. Rc1 Kf5 44. Rc5 h4 45. g4+ Kg6 46. Rc6 Kf7 47. g5
Bg7 48. g6+ Ke7 49. Bg5+ Kd7 50. Rc4 h3 51. Rh4 Ra6 52. Bh6 Rxg6 53. Bxg7 Rg2+
54. Ke3 Rxg7 55. Rxh3 Ke6 56. Rh6+ Kd5 57. Rh5 Ke6 58. Ke4 1-0

[Event "PRO League Group Stage"]
[Site "chess.com INT"]
[Date "2018.02.07"]
[Round "5"]
[White "Mamedyarov, Shakhriyar"]
[Black "Ostrovskiy, Andrey"]
[Result "0-1"]
[WhiteTitle "GM"]
[BlackTitle "IM"]
[WhiteElo "2804"]
[BlackElo "2448"]
[WhiteTeam "San Jose Hackers"]
[BlackTeam "Las Vegas Desert Rats"]
[WhiteFideId "13401319"]
[BlackFideId "14110326"]
[EventDate "2018.01.18"]

1. e4 e5 2. Nf3 Nc6 3. Bc4 Bc5 4. c3 Nf6 5. d3 a6 6. O-O d6 7. a4 h6 8. Re1 O-O
9. h3 Ba7 10. Nbd2 Be6 11. b4 Re8 12. Bxe6 Rxe6 13. Qc2 Re8 14. Nf1 Ne7 15. d4
Ng6 16. d5 Qd7 17. a5 c6 18. c4 cxd5 19. exd5 Rac8 20. Qb3 e4 21. N3d2 Nf4 22.
Bb2 Qf5 23. Ne3 Qg6 24. Bxf6 Bxe3 0-1

[Event "PRO League Group Stage"]
[Site "chess.com INT"]
[Date "2018.02.07"]
[Round "5"]
[White "Mamedyarov, Shakhriyar"]
[Black "Khachiyan, Melikset"]
[Result "1/2-1/2"]
[WhiteTitle "GM"]
[BlackTitle "GM"]
[WhiteElo "2804"]
[BlackElo "2522"]
[WhiteTeam "San Jose Hackers"]
[BlackTeam "Las Vegas Desert Rats"]
[WhiteFideId "13401319"]
[BlackFideId "13300512"]
[EventDate "2018.01.18"]

1. d4 d5 2. Nf3 Nf6 3. Bf4 e6 4. e3 Bd6 5. Ne5 O-O 6. Nd2 c5 7. c3 Nc6 8. Nxc6
bxc6 9. dxc5 Bxc5 10. Bd3 Bd6 11. Bg5 h6 12. Bh4 a5 13. O-O Be7 14. e4 Ba6 15.
Bxa6 Rxa6 16. Qe2 Rb6 17. b3 a4 18. b4 Nxe4 19. Bxe7 Qxe7 20. Nxe4 dxe4 21. Qxe4
c5 22. a3 Rc8 23. Rac1 Qb7 24. Qe3 Rbc6 25. h3 cxb4 26. cxb4 Qb5 27. Rxc6 Rxc6
28. Rd1 Qc4 29. Qa7 e5 30. Qxa4 Kh7 31. Qa5 Qe2 32. Qd5 Rc3 33. Ra1 f5 34. b5
Qb2 35. Re1 Rc1 36. Rf1 Rxf1+ 37. Kxf1 Qc1+ 38. Ke2 Qb2+ 39. Ke1 Qb1+ 40. Kd2
Qb2+ 41. Kd3 Qxa3+ 42. Kc2 Qa4+ 43. Kb2 Qb4+ 44. Qb3 Qd4+ 45. Ka3 Qa7+ 46. Kb4
Qxf2 47. Qe6 e4 48. g4 e3 49. gxf5 e2 50. Qg6+ Kh8 51. Qe8+ Kh7 52. Qg6+ Kh8 53.
Qe8+ Kh7 54. Qg6+ 1/2-1/2

[Event "PRO League Group Stage"]
[Site "chess.com INT"]
[Date "2018.02.07"]
[Round "5"]
[White "Bacrot, Etienne"]
[Black "Pavasovic, Dusko"]
[Result "1-0"]
[WhiteTitle "GM"]
[BlackTitle "GM"]
[WhiteElo "2722"]
[BlackElo "2540"]
[WhiteTeam "Marseille Migraines"]
[BlackTeam "Ljubljana Turtles"]
[WhiteFideId "605506"]
[BlackFideId "14600986"]
[EventDate "2018.01.18"]

1. e4 e5 2. Nf3 Nc6 3. Bb5 g6 4. d4 exd4 5. Nxd4 Bg7 6. Be3 Nf6 7. Nc3 O-O 8. f3
Nxd4 9. Bxd4 c6 10. Be2 Re8 11. O-O d5 12. exd5 Nxd5 13. Bxg7 Kxg7 14. Nxd5 cxd5
15. Qd4+ Qf6 16. Qxf6+ Kxf6 17. Bb5 Rd8 18. Rfd1 Be6 19. Rd4 Rdc8 20. c3 Rc5 21.
Be2 a5 22. Kf2 Rb8 23. a4 Re8 24. Rad1 Re7 25. Bb5 Rec7 26. R1d2 Re7 27. h4 h6
28. g4 g5 29. Kg3 Rec7 30. Rh2 Kg7 31. hxg5 hxg5 32. Bd3 Rc8 33. Rh7+ Kf6 34. f4
gxf4+ 35. Rxf4+ Ke5 36. Bf5 b5 37. Bxe6 fxe6 38. g5 Rg8 39. Kg4 bxa4 40. Rxa4
Rb5 41. Rh2 Kd6 42. Re2 e5 43. Kf5 Rf8+ 44. Kg4 Rg8 45. Rf2 e4 46. Rf6+ Ke5 47.
Rf5+ Ke6 48. Rxe4+ Kd6 49. Re2 a4 50. Rd2 Kc6 51. Rf6+ Kc5 52. Ra6 Rgb8 53. Rxa4
Rxb2 54. Rxb2 Rxb2 55. Kf5 1-0

[Event "PRO League Group Stage"]
[Site "chess.com INT"]
[Date "2018.02.07"]
[Round "5"]
[White "Bacrot, Etienne"]
[Black "Skuhala, Jernej"]
[Result "1-0"]
[WhiteTitle "GM"]
[BlackTitle "FM"]
[WhiteElo "2722"]
[BlackElo "2294"]
[WhiteTeam "Marseille Migraines"]
[BlackTeam "Ljubljana Turtles"]
[WhiteFideId "605506"]
[BlackFideId "14605651"]
[EventDate "2018.01.18"]

1. e4 c5 2. Nf3 d6 3. Bb5+ Bd7 4. Bxd7+ Qxd7 5. c4 Nf6 6. Nc3 g6 7. d4 cxd4 8.
Nxd4 Bg7 9. f3 O-O 10. Be3 Rc8 11. b3 Nc6 12. Rc1 e6 13. O-O d5 14. Nxc6 bxc6
15. e5 Ne8 16. f4 Bf8 17. Qd3 Rd8 18. Rfd1 Qc7 19. Na4 Ba3 20. Rb1 d4 21. Bf2 c5
22. Bh4 Rdc8 23. Rd2 Qc6 24. g4 Bb4 25. Rg2 Ba5 26. Be7 Bb6 27. h4 Rc7 28. Bg5
Rd7 29. f5 exf5 30. gxf5 Ng7 31. Nxb6 axb6 32. Rf1 Re8 33. e6 Ra7 34. e7 gxf5
35. Rxf5 Raxe7 36. Bxe7 Rxe7 37. Qg3 f6 38. h5 Qe6 39. Rf1 f5 40. Qg5 h6 41.
Qxf5 Qe3+ 42. Qf2 Qe5 43. Qf6 Qe3+ 44. Kh2 d3 45. Rfg1 1-0

[Event "PRO League Group Stage"]
[Site "chess.com INT"]
[Date "2018.02.07"]
[Round "5"]
[White "Banusz, Tamas"]
[Black "Rosenthal, Nicholas"]
[Result "1-0"]
[WhiteTitle "GM"]
[WhiteElo "2640"]
[BlackElo "2169"]
[WhiteTeam "Webster Windmills"]
[BlackTeam "Miami Champions"]
[WhiteFideId "722413"]
[BlackFideId "2045150"]
[EventDate "2018.01.18"]

1. Nf3 e6 2. g3 d5 3. Bg2 Nf6 4. O-O Bd6 5. d4 O-O 6. c4 c6 7. Nc3 Nbd7 8. Nd2
Re8 9. e4 dxe4 10. Ndxe4 Be7 11. Bf4 Nf8 12. Qd2 Ng6 13. Nxf6+ Bxf6 14. Be3 Qc7
15. Rfd1 Rd8 16. Qe2 a6 17. h4 e5 18. d5 c5 19. Bg5 Be7 20. Ne4 f6 21. Be3 f5
22. Nc3 Bd6 23. b4 b6 24. bxc5 bxc5 25. h5 Nh8 26. Rab1 Bd7 27. Rb3 Nf7 28. Rdb1
Rdb8 29. Qb2 Rxb3 30. Qxb3 Qa5 31. Qb7 Rd8 32. Bd2 Bf8 33. Qb6 Qxb6 34. Rxb6 Nd6
35. Bf1 Ra8 36. Be3 Be8 37. Be2 Ra7 38. Bxc5 Nxc4 39. Rb8 Rc7 40. Bxc4 Rxc5 41.
Bb3 Rxc3 42. Rxe8 Kf7 43. Rxe5 g6 44. d6+ Kf6 45. Re8 Bxd6 46. Re6+ Kg5 47. Rxd6
Kxh5 48. Rxa6 Kg4 49. Kg2 f4 50. Bd1+ f3+ 51. Bxf3+ 1-0

[Event "PRO League Group Stage"]
[Site "chess.com INT"]
[Date "2018.02.07"]
[Round "5"]
[White "Banusz, Tamas"]
[Black "Quesada Perez, Yuniesky"]
[Result "1-0"]
[WhiteTitle "GM"]
[BlackTitle "GM"]
[WhiteElo "2640"]
[BlackElo "2627"]
[WhiteTeam "Webster Windmills"]
[BlackTeam "Miami Champions"]
[WhiteFideId "722413"]
[BlackFideId "3504409"]
[EventDate "2018.01.18"]

1. Nf3 d5 2. g3 c6 3. Bg2 Bg4 4. O-O Nd7 5. h3 Bh5 6. d4 e6 7. c4 Ngf6 8. cxd5
exd5 9. Qb3 Qb6 10. Qe3+ Be7 11. Nh4 Bg6 12. Nxg6 hxg6 13. Nc3 Qd8 14. b4 a6 15.
Rb1 O-O 16. Qd3 Re8 17. Na4 b5 18. Nc5 Nb6 19. Bf4 Nc4 20. a4 Bxc5 21. dxc5 Ne4
22. Ra1 g5 23. Bc1 Qf6 24. Ra2 Nc3 25. Rc2 Nxa4 26. e4 Ne5 27. Qd1 dxe4 28. Bxe4
g4 29. hxg4 Rad8 30. Qe2 Rd4 31. Bg2 Re6 32. g5 Qf5 33. Be3 Rd3 34. Rd1 Rxd1+
35. Qxd1 Re8 36. Bf4 Nd3 37. Re2 Rxe2 38. Qxe2 Nc3 39. Qe8+ Kh7 40. Be3 Ne5 41.
f4 Ng4 42. Bd2 Qb1+ 43. Bf1 Ne4 44. Qd7 Qd1 45. Qd3 Nf2 46. g6+ fxg6 47. Qd8 1-0

[Event "PRO League Group Stage"]
[Site "chess.com INT"]
[Date "2018.02.07"]
[Round "5"]
[White "Abdusattorov, Nodirbek"]
[Black "Petrosyan, Manuel"]
[Result "1/2-1/2"]
[WhiteTitle "IM"]
[BlackTitle "GM"]
[WhiteElo "2516"]
[BlackElo "2570"]
[WhiteTeam "Volga Stormbringers"]
[BlackTeam "Armenia Eagles"]
[WhiteFideId "14204118"]
[BlackFideId "13300857"]
[EventDate "2018.01.18"]

1. d4 Nf6 2. c4 e6 3. Nf3 d5 4. g3 Bb4+ 5. Bd2 Be7 6. Bg2 O-O 7. O-O c6 8. Qc2
Nbd7 9. b3 b6 10. Nc3 Ba6 11. cxd5 cxd5 12. Qb2 Ne4 13. Rfc1 Nxd2 14. Nxd2 Rc8
15. e3 Nb8 16. a3 Bd3 17. Bf1 Bxf1 18. Nxf1 Nc6 19. Nd2 Bf6 20. Nf3 e5 21. Ne2
e4 22. Nd2 Qd7 23. Rc3 h5 24. Rac1 h4 25. b4 g6 26. b5 Ne7 27. Rxc8 Rxc8 28.
Rxc8+ Qxc8 29. Qc1 Qd7 30. a4 Bg5 31. Kg2 Qg4 32. Nc3 Kg7 33. Qd1 Qc8 34. Na2 a5
35. bxa6 Qxa6 36. Nc3 h3+ 37. Kg1 Bxe3 38. fxe3 Qd3 39. Ndb1 Qxe3+ 40. Kf1 Qg5
41. Ke1 Nf5 42. Ne2 Qe3 43. Qc1 Qf3 44. Kd2 Qd3+ 45. Ke1 Qf3 46. Kd2 e3+ 47. Kd3
Qe4+ 48. Kc3 Qg2 49. Kd3 Qxh2 50. Qc7 Qg2 51. Qe5+ Kh7 52. Nbc3 h2 53. Nxd5 h1=Q
54. Nf6+ Kh6 55. Ng8+ Kh7 56. Nf6+ Kh6 57. Ng8+ Kh7 58. Nf6+ 1/2-1/2

[Event "PRO League Group Stage"]
[Site "chess.com INT"]
[Date "2018.02.07"]
[Round "5"]
[White "Abdusattorov, Nodirbek"]
[Black "Ter-Sahakyan, Samvel"]
[Result "1/2-1/2"]
[WhiteTitle "IM"]
[BlackTitle "GM"]
[WhiteElo "2516"]
[BlackElo "2563"]
[WhiteTeam "Volga Stormbringers"]
[BlackTeam "Armenia Eagles"]
[WhiteFideId "14204118"]
[BlackFideId "13302531"]
[EventDate "2018.01.18"]

1. e4 e5 2. Nf3 Nf6 3. Nc3 Nc6 4. Bb5 Nd4 5. Bc4 Bc5 6. O-O d6 7. h3 Be6 8. d3
h6 9. Be3 Nxf3+ 10. Qxf3 Bb6 11. Bxe6 fxe6 12. Qg3 Qe7 13. Bxb6 axb6 14. f4 exf4
15. Rxf4 O-O 16. Qg6 Ra5 17. h4 Qf7 18. Qxf7+ Rxf7 19. a4 c6 20. Raf1 Ra8 21. b3
Raf8 22. Nd1 d5 23. exd5 exd5 24. Ne3 Nd7 25. Nf5 Kh7 26. R4f2 Rf6 27. Nd6 Rxd6
28. Rxf8 Nxf8 29. Rxf8 Kg6 30. h5+ Kxh5 31. Rf7 g5 32. Rxb7 c5 33. Rc7 d4 34. a5
bxa5 35. Rxc5 Ra6 36. Rc4 Rd6 37. Kh2 Kg4 38. Rc5 Kf4 39. Rxa5 Rc6 40. Ra4 Rxc2
41. Rxd4+ Ke3 42. Rd6 Rb2 43. Rxh6 Rxb3 44. Rh3+ Kd4 45. Kg3 Rxd3+ 46. Kg4 Rd2
47. Rg3 Ke4 48. Kxg5 Rd8 49. Rg4+ Ke5 50. Kh6 Rh8+ 51. Kg7 Kf5 52. Rg3 Rh4 53.
Kf7 Rg4 54. Rf3+ Kg5 55. g3 Ra4 1/2-1/2

[Event "PRO League Group Stage"]
[Site "chess.com INT"]
[Date "2018.02.07"]
[Round "5"]
[White "Fedoseev, Vladimir3"]
[Black "Liang, Awonder"]
[Result "1/2-1/2"]
[WhiteTitle "GM"]
[BlackTitle "GM"]
[WhiteElo "2724"]
[BlackElo "2572"]
[WhiteTeam "Saint Louis Arch Bishops"]
[BlackTeam "Pittsburgh Pawngrabbers"]
[WhiteFideId "24130737"]
[BlackFideId "2056437"]
[EventDate "2018.01.18"]

1. d4 Nf6 2. c4 e6 3. Nc3 Bb4 4. Qc2 O-O 5. a3 Bxc3+ 6. Qxc3 d6 7. Qc2 b6 8. e4
Bb7 9. Bd3 Nbd7 10. Nf3 e5 11. O-O Re8 12. d5 a5 13. b3 c6 14. Re1 Nc5 15. Bg5
h6 16. Bxf6 Qxf6 17. b4 Nxd3 18. Qxd3 axb4 19. axb4 c5 20. bxc5 bxc5 21. Qb3
Rxa1 22. Rxa1 Bc8 23. h3 Kh7 24. Ne1 Qg6 25. Qe3 f5 26. exf5 Bxf5 27. Nf3 Bd3
28. Nd2 Rf8 29. Ra3 Bc2 30. Qe2 Rf4 31. Nf1 Rd4 32. Ne3 Bd3 33. Qa2 Qe4 34. Rc3
Qf4 35. Qb2 Bg6 36. Qe2 Qe4 37. Rc1 Rd3 38. Qe1 Qd4 39. Rd1 Rxd1 40. Qxd1 Qxd1+
41. Nxd1 Bc2 42. Ne3 Bd3 43. f3 Kg6 44. Kf2 Kg5 45. g3 h5 46. h4+ Kf6 47. f4
exf4 48. gxf4 Ke7 49. Ke1 g6 50. Kd2 Bf5 51. Kc3 Kd7 52. Kb3 Kc7 53. Nd1 Kb6 54.
Nc3 Kc7 55. Ka4 Bd3 56. Kb5 Bf5 57. Ka6 Bd3 58. Kb5 Bf5 59. Nd1 Bd3 60. Nf2 Bf5
61. Nh1 Bd3 62. Ng3 Bc2 63. Nf1 Bd3 64. Ne3 Be4 65. Ka6 Bd3 66. Ka5 Be4 67. Kb5
Bd3 68. Nd1 Be4 69. Nc3 Bf5 70. Ne2 Bd3 71. Ng3 Bc2 72. Nf1 Bd3 73. Nd2 Bf5 74.
Nf3 Bd3 75. Ng5 Kd7 76. Ne6 Bf5 77. Ng5 Bd3 78. Nf3 Kc7 79. Ng5 Kd7 1/2-1/2

[Event "PRO League Group Stage"]
[Site "chess.com INT"]
[Date "2018.02.07"]
[Round "5"]
[White "Fedoseev, Vladimir3"]
[Black "Bora, Safal"]
[Result "1-0"]
[WhiteTitle "GM"]
[BlackTitle "IM"]
[WhiteElo "2724"]
[BlackElo "2370"]
[WhiteTeam "Saint Louis Arch Bishops"]
[BlackTeam "Pittsburgh Pawngrabbers"]
[WhiteFideId "24130737"]
[BlackFideId "2066149"]
[EventDate "2018.01.18"]

1. d4 Nf6 2. c4 g6 3. Nc3 d5 4. cxd5 Nxd5 5. Bd2 Nb6 6. e3 Bg7 7. Rc1 O-O 8. Nf3
N8d7 9. a4 a5 10. Ne4 e5 11. Bc3 Nd5 12. Bc4 Nxc3 13. bxc3 Qe7 14. d5 Nc5 15.
Nxc5 Qxc5 16. Qb3 Bd7 17. O-O e4 18. Nd4 b6 19. Bb5 Bxb5 20. Nxb5 Rad8 21. Rfd1
c6 22. dxc6 Qxc6 23. Nd4 Qc5 24. Rb1 Rd6 25. h3 Rc8 26. Nb5 Rd3 27. Rxd3 exd3
28. Rd1 Bxc3 29. Rxd3 Be5 30. f4 Bf6 31. Nd6 Rc7 32. Ne8 Rc6 33. Rd7 Be7 34. Nd6
Rxd6 35. Rxe7 Rd1+ 36. Qxd1 Qxe7 37. Kf2 Qb4 38. Qd8+ Kg7 39. Qd4+ Qxd4 40. exd4
Kf6 41. Ke3 Ke6 42. Kd3 Kd5 43. g4 f6 44. g5 f5 45. h4 Kd6 46. Kc4 Kc6 47. d5+
Kd6 48. Kd4 Kd7 49. Ke5 Ke7 50. d6+ Kd7 51. Kd5 b5 52. axb5 a4 53. b6 a3 54. b7 1-0

[Event "PRO League Group Stage"]
[Site "chess.com INT"]
[Date "2018.02.07"]
[Round "5"]
[White "Blit, Jacques"]
[Black "Lenderman, Aleksandr"]
[Result "0-1"]
[WhiteTitle "IM"]
[BlackTitle "GM"]
[WhiteElo "2374"]
[BlackElo "2611"]
[WhiteTeam "Buenos Aires Krakens"]
[BlackTeam "Montclair Sopranos"]
[WhiteFideId "114839"]
[BlackFideId "2021285"]
[EventDate "2018.01.18"]

1. e4 c5 2. Nf3 d6 3. d4 cxd4 4. Nxd4 Nf6 5. Nc3 Nc6 6. Be2 g6 7. O-O Bg7 8. Nb3
O-O 9. Bg5 b6 10. f4 Bb7 11. Bf3 Nd7 12. Qd2 a5 13. a4 Nb4 14. Rfe1 Re8 15. Nb5
Nc5 16. N3d4 Qd7 17. c3 Nbd3 18. Re3 e5 19. Ne2 Nxf4 20. Qxd6 Nfe6 21. Qxd7 Nxd7
22. Bh4 Ndc5 23. c4 Nd4 24. Nexd4 exd4 25. Ree1 Be5 26. Red1 d3 27. Bg3 Re7 28.
Bxe5 Rxe5 29. Nc7 Rd8 30. Nd5 Rd6 31. Ra3 Kg7 32. Rdxd3 Nxd3 33. Rxd3 Bxd5 34.
cxd5 f5 35. exf5 Rxf5 36. Rc3 Rf4 37. b3 Kf6 38. h3 Rb4 39. Kf2 h5 40. Ke3 Ke5
41. Rd3 g5 42. Bxh5 Rxd5 43. Rxd5+ Kxd5 44. Bf7+ Ke5 45. Bc4 b5 46. Bxb5 Rxb3+
47. Kf2 Kf4 48. Bc6 Rb2+ 49. Ke1 Kg3 50. Kf1 Rb1+ 51. Ke2 Rg1 52. Kd3 Rxg2 53.
Kc4 Rc2+ 54. Kb5 Rxc6 0-1

[Event "PRO League Group Stage"]
[Site "chess.com INT"]
[Date "2018.02.07"]
[Round "5"]
[White "Pakleza, Zbigniew"]
[Black "Mamedyarov, Shakhriyar"]
[Result "0-1"]
[WhiteTitle "GM"]
[BlackTitle "GM"]
[WhiteElo "2496"]
[BlackElo "2804"]
[WhiteTeam "Las Vegas Desert Rats"]
[BlackTeam "San Jose Hackers"]
[WhiteFideId "1119290"]
[BlackFideId "13401319"]
[EventDate "2018.01.18"]

1. d4 Nf6 2. Nf3 b6 3. Bf4 Bb7 4. e3 d6 5. h3 Nbd7 6. Be2 g6 7. O-O Bg7 8. c4
O-O 9. Nc3 Re8 10. Bh2 e5 11. dxe5 dxe5 12. Qc2 e4 13. Nd4 a6 14. Rfd1 Qc8 15.
Nd5 c5 16. Nb3 Nxd5 17. cxd5 Qd8 18. a4 h5 19. Nd2 Bxd5 20. Nc4 Bc6 21. Nd6 Re7
22. Bc4 Qf8 23. Qe2 Be5 24. Bxa6 Bxh2+ 25. Kxh2 Ne5 26. Bb5 Bxb5 27. Nxb5 Nd3
28. f4 Rd8 29. Nc3 f5 30. a5 bxa5 31. Rxa5 Rb7 32. Na4 c4 33. Qd2 Qb4 34. g4
hxg4 35. Qxb4 Rxb4 36. hxg4 fxg4 37. Kg3 Rd7 38. Nc3 Rxb2 39. Nxe4 Re7 40. Nf6+
Kg7 41. Nxg4 Rc7 42. Rd5 Nc5 43. Ne5 c3 44. Kf3 c2 45. Rg1 Rb1 46. Rxg6+ Kh7 47.
Rd2 Rf1+ 48. Kg4 Rg1+ 49. Kh5 Rh1+ 50. Kg4 c1=Q 0-1